000 01190cad a22002175a 4500
001 E146579
008 090205s2009 xxk f 000 0 eng u
035 _a(Sirsi) u146579
041 _aeng
050 _a692.209411 $2 18
110 2 _aScottish Building Standards Agency
_94655
245 0 4 _aThe Scottish Building Standards technical handbook: non-domestic
_h[electronic resource]
260 _aEdinburgh
_bSBSA
_c2009
520 _aThis technical handbook provides guidance on achieving the standards set in the Building (Scotland) Regulations 2004. The handbooks are available in two volumes, one for domestic buildings and one for non-domestic buildings. This revised edition of the Technical Handbooks came into force on 4 January 2009 and includes amendments to sections 0, 6 and Appendix A.
520 _aThe Library also holds a reference copy of the 2007 edition, with the 2008 and 2009 updates: see E128046.
650 _aBUILDING (SCOTLAND) ACT 2003
651 4 _aScotland
_y1999-
690 _aBUILT ENVIRONMENT-BUILDING STANDARDS
856 4 0 _uhttps://www.sbsa.gov.uk/tech_handbooks/tbooks2009.htm
_zView the handbook free of charge at www.sbsa.gov.uk...
942 _n0
999 _c109226
_d109226